University Home | Library Home | Institutional Repository

Research methods in psychopathology / (Record no. 41678)

MARC details
000 -LEADER
fixed length control field 00950cam2a220027700 4500
001 - CONTROL NUMBER
control field lce00020303
008 - FIXED-LENGTH DATA ELEMENTS--GENERAL INFORMATION
fixed length control field 711217c19711972nyua b 001 0 eng
010 ## - LIBRARY OF CONGRESS CONTROL NUMBER
LC control number 75172952 //r84
020 ## - INTERNATIONAL STANDARD BOOK NUMBER
International Standard Book Number 0471606251
020 ## - INTERNATIONAL STANDARD BOOK NUMBER
International Standard Book Number 047160626X (paper)
035 ## - SYSTEM CONTROL NUMBER
System control number (Sirsi) r23336
035 ## - SYSTEM CONTROL NUMBER
System control number (DLC) 75172952 //r84
035 ## - SYSTEM CONTROL NUMBER
System control number (UPRA)lce00020303
040 ## - CATALOGING SOURCE
Modifying agency UPRA
050 0# - LIBRARY OF CONGRESS CALL NUMBER
Classification number RC337
Item number .M54
082 ## - DEWEY DECIMAL CLASSIFICATION NUMBER
Classification number 616.89/0072
100 1# - MAIN ENTRY--PERSONAL NAME
Personal name Millon, Theodore.
Linkage A15691.1
245 10 - TITLE STATEMENT
Title Research methods in psychopathology /
Statement of responsibility, etc. [by] Theodore Millon and Herman I. Diesenhaus.
260 ## - PUBLICATION, DISTRIBUTION, ETC.
Place of publication, distribution, etc. New York :
Name of publisher, distributor, etc. Wiley,
Date of publication, distribution, etc. [1971, c1972]
490 0# - SERIES STATEMENT
Series statement Approaches to behavior pathology series
Linkage S12783.1
504 ## - BIBLIOGRAPHY, ETC. NOTE
Bibliography, etc. note Bibliography: p. 159-179.
650 #0 - SUBJECT ADDED ENTRY--TOPICAL TERM
Topical term or geographic name entry element Psychiatry -- Research.
General subdivision Psychiatry -- Research.
Linkage S41743.1
700 1# - ADDED ENTRY--PERSONAL NAME
Personal name Diesenhaus, Herman I., 1938-
Dates associated with a name Diesenhaus, Herman I., 1938-
Linkage A84695.1
949 ## - LOCAL PROCESSING INFORMATION (OCLC)
a RC337
w LC
i -22622
m MEDICAL
t BOOK
l ON-SHELF
Holdings
Withdrawn status Lost status Source of classification or shelving scheme Damaged status Not for loan Home library Current library Shelving location Total Checkouts Full call number Barcode Date last seen Copy number Price effective from Koha item type
    Library of Congress Classification     Medical Library Medical Library On Shelf   RC337 -22622 08/13/2019 1 08/13/2019 Book
© 2026 - The University of Zambia Library - Koha v25.11